Vainqueurs d'étapes sur le Giro 2019 - Statistiques

Statistiques générales
  • Ce quiz a été pris 41 fois
  • Le résultat moyen est 9 sur 21
Statistiques - réponses
Étape Départ / Arrivée Vainqueur % Correct
4 Orbetello -> Frascati Richard Carapaz
97%
14 Saint-Vincent -> Courmayeur RIchard Carapaz
97%
1 Bologne -> Sanctuaire Madonna di San Luca Primoz Roglic
88%
9 Riccione -> Ville de Saint-Marin Primoz Roglic
88%
10 Ravenne -> Modène Arnaud Démare
55%
8 Tortoreto -> Pesaro Caleb Ewan
55%
11 Carpi -> Novi Ligure Caleb Ewan
55%
2 Bologne -> Fucecchio Pascal Ackermann
48%
5 Frascati -> Terracine Pascal Ackermann
48%
3 Vinci -> Orbetello Fernando Gaviria
42%
16 Lovere -> Ponte di Legno Giulio Ciccone
42%
17 Commezzadura -> Anterselva Nans Peters
42%
6 Cassino -> San Giovanni Rotondo Fausto Masnada
27%
13 Pignerol -> Ceresole Reale Ilnur Zakarin
27%
7 Vasto -> L'Aquila Pello Bilbao
24%
20 Feltre -> Croce d'Aune Pello Bilbao
24%
21 Vérone -> Vérone Chad Haga
18%
19 Trévise -> San Martino di Castrozza Esteban Chaves
15%
12 Coni -> Pignerol Cesare Benedetti
12%
15 Ivrée -> Côme Dario Cataldo
12%
18 Valdaora -> Santa Maria di Sala Damiano Cima
9%
Aucun quiz correspondant
Distribution des résultats
% des personnes avec chaque résultat
Percentile par nombre de réponses
Votre historique - résultats
Vous n’avez pas pris ce quiz